000 00987nam a2200277 a 4500
001 BRCA_1814
005 20190320203548.0
008 970804s1992 mx-a---##b---#000-0#spa-d
020 _a9687108274
040 _aTNY
_cTNY
050 4 _aF1391.Z3
_b.Z33 1992
245 1 0 _aZacatecas
_bcrónica de una ciudad minera
_cedición José Ignacio Echeagaray ; texto Eugenio Noriega Robles ; fotografía Bob Schalkwijk.
260 _aMéxico
_bSan Angel
_c1992
300 _a191 p.
_bil. a color
_c33 cm.
500 _aIncluye índice de ilustraciones
500 _aEdición patrocinada por Grupo Financiero Serfin
500 _aColección Sonia Corcuera de Mancera
504 _aBibliografía: p. 85-87
651 4 _aZacatecas
_xHistoria
_zMéxico
_95646
651 4 _aZacatecas
_xEdificios, estructuras, etc.
_zMéxico
_95647
700 1 _aEcheagaray, José Ignacio
_95648
700 1 _aSchalkwijk, Bob
_94404
700 1 _aNoriega Robles, Eugenio
_95649
902 _aDSC
942 _2lcc
_cB
999 _c1595
_d1595